| 000 | 00664nam a2200229 a 4500 | ||
|---|---|---|---|
| 005 | 20140310183607.0 | ||
| 008 | 120816s19uu xx 00 eng d | ||
| 020 | _a9715552129 | ||
| 050 |
_aHF 5253 _b.L477 2002 |
||
| 100 | _aLee Flores, Wilson Y. | ||
| 245 |
_aManuel B. Villar, Jr. / _cWilson Y. Lee Flores. |
||
| 260 |
_aManila, Philippines : _bDLSU Press, _c2002. |
||
| 300 |
_a15 p. : _c22 cm. |
||
| 440 | _aBusiness for all series 5 | ||
| 521 | _aBSBA | ||
| 600 |
_aManuel B. Villar _xBiography |
||
| 650 |
_aBusiness people. _xBiography |
||
| 650 |
_aEntrepreneurship _xPhilippines |
||
| 942 |
_cBK _2lcc _kLOC |
||
| 999 |
_c25185 _d25185 |
||